New Zealand Rugby All Blacks - Top Tryscorer by Year (1980s) - Statistics

General Stats
  • This quiz has been taken 71 times
  • The average score is 11 of 16
Answer Stats
Year Tries Player % Correct
1985 5 John Kirwan
100%
1987 (tied) 7 John Kirwan
100%
1988 10 John Kirwan
100%
1987 (tied) 7 Craig Green
83%
1986 (tied) 1 David Kirk
81%
1981 8 Stu Wilson
81%
1983 4 Stu Wilson
81%
1989 8 Terry Wright
73%
1980 (tied) 2 Bernie Fraser
70%
1982 (tied) 2 Bernie Fraser
70%
1986 (tied) 1 Wayne Shelford
69%
1984 2 Warwick Taylor
59%
1986 (tied) 1 Mike Brewer
41%
1980 (tied) 2 Hika Reid
28%
1986(tied) 1 Mark Brooke-Cowden
23%
1982 (tied) 2 Mark Shaw
23%
No matching quizzes found
Score Distribution
Percent of People with Each Score
Percentile by Number Answered
Your Score History
You have not taken this quiz